| 000 | 00745nam a22002177a 4500 | ||
|---|---|---|---|
| 005 | 20150506101806.0 | ||
| 008 | 150506b fr||||| |||| 00| 0 spad | ||
| 020 | _a2907183206 | ||
| 050 | 0 | 4 |
_aPN2309 _bO27 2000 |
| 100 | 1 | _aObregón, Osvaldo | |
| 245 | 1 | 0 |
_aTeatro Latinoamericano : _b un caleidoscopio culturtal (1930-1990) / _cOsvaldo Obregón ; Préface Daniel Meyran |
| 250 | _a1a ed. | ||
| 260 |
_aPerpigna, Francia : _bPresses Universitaires de Perpignan, _c2000 |
||
| 300 |
_a375 p. ; _c21 cm. |
||
| 440 | 0 |
_aMarges ; _v20 |
|
| 504 | _aIncluye referencias bibliograficas e índice | ||
| 650 | 4 | _aTeatro Latinoamericano | |
| 650 | 4 |
_aTeatro _xEnsayos, Conferencias, etc. |
|
| 700 | 1 |
_aMeyran, Daniel, _qpref. |
|
| 942 |
_2lcc _cLIB |
||
| 999 |
_c92588 _d92588 |
||